The 100 Girlfriends Who Really (x5) Love You! - Statistics

General Stats
  • This quiz has been taken 165 times
  • The average score is 27 of 33
Answer Stats
Picture Answer % Correct
Hahari Hanazono
99%
Hakari Hanazono
99%
Karane Inda
99%
Mei Meido
98%
Nano Eiai
98%
Shizuka Yoshimoto
98%
Kusuri Yakuzen
97%
Meme Kakure
96%
Mimimi Utsukushisugi
96%
Iku Sutou
95%
Kurumi Haraga
92%
Mai Meido
91%
Chiyo Iin
90%
Yaku Yakuzen
88%
Momiji Momi
84%
Tama Nekonari
84%
Aashii Kedarui
82%
Nadeshiko Yamato
82%
Yamame Yasashiki
79%
Kishika Torotoro
78%
Rin Baio
76%
Uto Nakaji
76%
Suu Hifumi
74%
Momoha Bonnouji
73%
Eira Kaho
72%
Himeka Saiki
68%
Meru Zetsubouda
67%
Hasuha Hasu
62%
Matsuri Dei
62%
Nemu Nemui
62%
Shiina Usami
60%
Kimari Morikita
58%
Saki Tomogara
58%
No matching quizzes found
Score Distribution
Percent of People with Each Score
Percentile by Number Answered
Your Score History
You have not taken this quiz